00453nam a2200145Ia 4500008004100000041000900041082001900050100002900069245002800098260005200126300000800178650000800186999001700194952009600211230718s9999 xx 000 0 und d aEng. a348.549bDAN-U aDanish GAH Punjab Lahore 0aUrdu Daera marfa Islami aPakistanbQaeem Gah registered danish gahc1975 a228 aLaw c27689d27689 00104070aSIRC-LbSIRC-Ld2023-07-18l0o348.549 DAN-Up22641r2023-07-18w2023-07-18yBK